000 00243nam a2200097Ia 4500
001 1207541
005 20251010145202.0
008 250824s9999 xx 000 0 und d
245 0 _aHİSAR
_cABDÜLHAK ŞİNASİ
260 _bEVEREST YAYINLARI
999 _c1207541
_d1207541